Mots en sandwich #5 - Statistiques

Statistiques générales
  • Ce quiz a été pris 8 039 fois
  • Le résultat moyen est 9 sur 18
Statistiques - réponses
Mot1 Réponse mot2 % Correct
Coffre... fort ...de café
89%
Balai... brosse ...à dents
82%
Longue... vue ...sur mer
77%
Prendre la... porte ...close
74%
Clé des... champs ...de blé
65%
Tache de... vin ...rouge
63%
Steak... haché ...menu
62%
Cœur à... prendre ...congé
61%
Protège... dents ...de lait
53%
Casse... noix ...de veau
51%
Moyen... orient ...express
48%
Multi... passe ...partout
40%
Porte... fenêtre ...sur cour
39%
Été.. pourri ...gâté
33%
Garde... chasse ...d'eau
18%
Coupe... coupe ...faim
11%
Pèse... lettre ...capitale
10%
Verre... ballon ...rond
6%
Aucun quiz correspondant
Distribution des résultats
% des personnes avec chaque résultat
Percentile par nombre de réponses
Votre historique - résultats
Vous n’avez pas pris ce quiz